Ice Age (Record no. 15418)

MARC details
000 -LEADER
fixed length control field 02540ngm a2200409 4500
003 - CONTROL NUMBER IDENTIFIER
control field dpl
005 - DATE AND TIME OF LATEST TRANSACTION
control field 20080723110517.0
007 - PHYSICAL DESCRIPTION FIXED FIELD--GENERAL INFORMATION
fixed length control field DVD
008 - FIXED-LENGTH DATA ELEMENTS--GENERAL INFORMATION
fixed length control field ||||||sp199 xxu|||||c|||| 00| 0 eng d
010 ## - LIBRARY OF CONGRESS CONTROL NUMBER
LC control number DVD-000306-308 & DVD-005408-5410
024 ## - OTHER STANDARD IDENTIFIER
Standard number or code 22236
Terms of availability 499.00, 299.00 (Raevised Price)
035 ## - SYSTEM CONTROL NUMBER
System control number DVD-000306-308
035 ## - SYSTEM CONTROL NUMBER
System control number DVD-005408-5410
040 ## - CATALOGING SOURCE
Original cataloging agency DPL
Transcribing agency DPL
082 ## - DEWEY DECIMAL CLASSIFICATION NUMBER
Classification number DVD / ICEA
245 ## - TITLE STATEMENT
Title Ice Age
Statement of responsibility, etc 20th Century Fox Presents
Medium [videorecording] DVD/
260 ## - PUBLICATION, DISTRIBUTION, ETC. (IMPRINT)
Name of publisher, distributor, etc 20th Century Fox Homeentertainment
300 ## - PHYSICAL DESCRIPTION
Extent 1 videodisc DVD; (81 min.) :
Other physical details sd., col. ;
Dimensions 4 3/4 in.
Type of unit DVD
440 ## - SERIES STATEMENT/ADDED ENTRY--TITLE
Title 20th Centyry Fox Home Entertainment
500 ## - GENERAL NOTE
General note Sole Distributor in India M/s. Excel Productions Autio Visuals Pvt. Ltd.
538 ## - SYSTEM DETAILS NOTE
System details note Dolby Digital 5.1-English, Mandarin, Korean, Cantonese Subtitles: English, Cantonese,Koren,Mandarin, Thai
538 ## - SYSTEM DETAILS NOTE
System details note Aspect Ratio: 1.85:1, Presentation type: Wide Screne, Presentation Size 16x9, Format DVD 9 Dual Layer Single Sided Disc.
650 ## - SUBJECT ADDED ENTRY--TOPICAL TERM
Topical term or geographic name as entry element Motion Picture
700 ## - ADDED ENTRY--PERSONAL NAME
Personal name Newman, David
700 ## - ADDED ENTRY--PERSONAL NAME
Personal name Berg, Michael
700 ## - ADDED ENTRY--PERSONAL NAME
Personal name Wilson, Michael J
700 ## - ADDED ENTRY--PERSONAL NAME
Personal name Ackerman, Peter
942 ## - ADDED ENTRY ELEMENTS (KOHA)
Koha item type CD-ROMs, DVDs, VHS
Source of classification or shelving scheme Dewey Decimal Classification
Classification part DVD
Call number suffix ICEA
Holdings
Withdrawn status Lost status Source of classification or shelving scheme Damaged status Not for loan Home library Current library Date acquired Source of acquisition Cost, normal purchase price Total Checkouts Full call number Barcode Date last seen Date checked out Copy number Cost, replacement price Price effective from Koha item type Total Renewals
    Dewey Decimal Classification     Central Library Central Library 09/09/2008 Purchase 499.00 11 DVD ICEA DVD-000306 30/12/2009 26/12/2009 1 499.00 15/09/2008 CD-ROMs, DVDs, VHS  
    Dewey Decimal Classification     Janak Puri Janak Puri 17/12/2009 Pioneers/885/29-10-09/325/13-10-09 /06-11-09 299.00 27 DVD ICEA DVD-005408 21/09/2013 07/09/2013 1 299.00 17/12/2009 CD-ROMs, DVDs, VHS 1
    Dewey Decimal Classification     Patel Nagar Patel Nagar 09/09/2008 Purchase 499.00 16 DVD ICEA DVD-000308 30/12/2015 08/12/2015 1 499.00 15/09/2008 CD-ROMs, DVDs, VHS  
    Dewey Decimal Classification     R.K.Puram-8 R.K.Puram-8 17/12/2009 Pioneers/885/29-10-09/325/13-10-09 /06-11-09 299.00 22 DVD ICEA DVD-005409 28/08/2018 01/06/2018 1 299.00 17/12/2009 CD-ROMs, DVDs, VHS 2
    Dewey Decimal Classification     Sarojini Nagar Sarojini Nagar 09/09/2008 Purchase 499.00 36 DVD ICEA DVD-000307 04/08/2016 30/07/2016 1 499.00 15/09/2008 CD-ROMs, DVDs, VHS 2
    Dewey Decimal Classification     Vinoba Puri Vinoba Puri 17/12/2009 Pioneers/885/29-10-09/325/13-10-09 /06-11-09 299.00 18 DVD ICEA DVD-005410 29/04/2013 17/04/2013 1 299.00 17/12/2009 CD-ROMs, DVDs, VHS 1

© Delhi Public Library
Hit Counter
free hit counter